| 000 -LEADER |
| fixed length control field |
00340nam a2200145Ia 4500 |
| 003 - CONTROL NUMBER IDENTIFIER |
| control field |
OSt |
| 005 - DATE AND TIME OF LATEST TRANSACTION |
| control field |
20220404132221.0 |
| 008 - FIXED-LENGTH DATA ELEMENTS--GENERAL INFORMATION |
| fixed length control field |
220318s9999 xx 000 0 und d |
| 020 ## - INTERNATIONAL STANDARD BOOK NUMBER |
| International Standard Book Number |
9787562341871 |
| 082 ## - DEWEY DECIMAL CLASSIFICATION NUMBER |
| Classification number |
728.37 |
| 100 ## - MAIN ENTRY--PERSONAL NAME |
| Personal name |
Shen Zhen |
| 245 #0 - TITLE STATEMENT |
| Title |
Materials residential buildings |
| 260 ## - PUBLICATION, DISTRIBUTION, ETC. (IMPRINT) |
| Name of publisher, distributor, etc |
South China University |
| 942 ## - ADDED ENTRY ELEMENTS (KOHA) |
| Source of classification or shelving scheme |
|